| 000 | 00398nam a22001217a 4500 | ||
|---|---|---|---|
| 003 | ASAB | ||
| 005 | 20180827062728.0 | ||
| 008 | 170222t xxu||||| |||| 00| 0 eng d | ||
| 040 | _cASAB | ||
| 245 |
_aTH-BS-Identification of chromosomal anomalies in HCV-infected patients by using cytogenetic technique ( Karyotyping ) _cHafsa Waheed-sup-Dr. Shaukat Iqbal Malik |
||
| 300 | _a39 P | ||
| 942 |
_2ddc _cTH |
||
| 999 |
_c480419 _d480419 |
||